Top 15 Football Recruits by Position - 2023 - Statistics

General Stats
  • This quiz has been taken 5 times
  • The average score is 90 of 255
Answer Stats
Position # Player Team % Correct
Dual-Threat Quarterbacks 8 LaNorris Sellers South Carolina Gamecocks
100%
Pocket Passer Quarterbacks 3 Arch Manning Texas Longhorns
80%
Inside Linebackers 5 Arion Carter Tennessee Volunteers
80%
Dual-Threat Quarterbacks 3 Avery Johnson Kansas State Wildcats
80%
Safeties 1 Caleb Downs Ohio State Buckeyes
80%
Offensive Guards 2 Cayden Green Missouri Tigers
80%
Cornerbacks 13 Damari Brown Miami Hurricanes
80%
Pocket Passer Quarterbacks 2 Dante Moore Oregon Ducks
80%
Wide Receivers 13 DeAndre Moore Jr. Texas Longhorns
80%
Safeties 5 Derek Williams Jr. Texas Longhorns
80%
Cornerbacks 10 Dijon Johnson Florida Gators
80%
Running Backs 7 Dylan Edwards Kansas State Wildcats
80%
Dual-Threat Quarterbacks 7 Gabarri Johnson Oregon State Beavers
80%
Wide Receivers 4 Hykeem Williams Florida State Seminoles
80%
Safeties 9 Isaac Smith Mississippi State Bulldogs
80%
Dual-Threat Quarterbacks 15 Israel Carter South Florida Bulls
80%
Dual-Threat Quarterbacks 1 Jackson Arnold Oklahoma Sooners
80%
Athletes 2 Jacobe Johnson Oklahoma Sooners
80%
Wide Receivers 10 Jalen Brown Florida State Seminoles
80%
Tight Ends - H 15 Jamari Johnson Louisville Cardinals
80%
Defensive Tackles 3 James Smith Alabama Crimson Tide
80%
Defensive Tackles 8 Jason Moore Ohio State Buckeyes
80%
Inside Linebackers 15 Jayvant Brown Kentucky Wildcats
80%
Defensive Tackles 12 Jordan Hall Georgia Bulldogs
80%
Inside Linebackers 3 Jordan Hall Michigan State Spartans
80%
Offensive Guards 3 J'ven Williams Penn State Nittany Lions
80%
Outside Linebackers 12 Lewis Carter Oklahoma Sooners
80%
Dual-Threat Quarterbacks 4 Marcel Reed Texas A&M Aggies
80%
Running Backs 11 Mark Fletcher Jr. Miami Hurricanes
80%
Athletes 1 Nyck Harbor South Carolina Gamecocks
80%
Athletes 15 Rashid Williams Washington Huskies
80%
Tight Ends - H 3 Riley Williams Miami Hurricanes
80%
Safeties 14 Sylvester Smith Auburn Tigers
80%
Cornerbacks 4 A.J. Harris Penn State Nittany Lions
60%
Defensive Tackles 14 A'Mauri Washington Oregon Ducks
60%
Inside Linebackers 7 Andrew Harris UCF Knights
60%
Inside Linebackers 1 Anthony Hill Jr. Texas Longhorns
60%
Safeties 12 Antione Jackson UCF Knights
60%
Kickers 8 Brock Taylor Vanderbilt Commodores
60%
Inside Linebackers 2 CJ Allen Georgia Bulldogs
60%
Running Backs 3 CJ Baxter Texas Longhorns
60%
Centers 3 Connor Lew Auburn Tigers
60%
Defensive Ends 4 Damon Wilson II Georgia Bulldogs
60%
Tight Ends - H 1 Duce Robinson USC Trojans
60%
Pocket Passer Quarterbacks 6 Dylan Lonergan Alabama Crimson Tide
60%
Pocket Passer Quarterbacks 5 Eli Holstein Pittsburgh Panthers
60%
Safeties 4 Elliot Washington II Penn State Nittany Lions
60%
Tight Ends - H 14 Ethan Davis Tennessee Volunteers
60%
Athletes 7 Eugene Wilson III Florida Gators
60%
Offensive Tackles 1 Francis Mauigoa Miami Hurricanes
60%
Defensive Ends 12 Gabe Harris Jr. Georgia Bulldogs
60%
Dual-Threat Quarterbacks 10 Jacobe Robinson Boston College Eagles
60%
Cornerbacks 8 Ja'Keem Jackson Florida Gators
60%
Outside Linebackers 13 Jamal Anderson Clemson Tigers
60%
Athletes 6 Jayvon Thomas Texas A&M Aggies
60%
Defensive Tackles 9 John Walker UCF Knights
60%
Running Backs 8 Kaleb Jackson LSU Tigers
60%
Tight Ends - H 13 Khamari Anderson Kentucky Wildcats
60%
Centers 1 Knijeah Harris Florida Gators
60%
Tight Ends - H 8 Lawson Luckie Georgia Bulldogs
60%
Dual-Threat Quarterbacks 14 Lex Thomas NC State Wolfpack
60%
Tight Ends - H 2 Luke Hasz Arkansas Razorbacks
60%
Wide Receivers 2 Makai Lemon USC Trojans
60%
Pocket Passer Quarterbacks 1 Malachi Nelson Boise State Broncos
60%
Offensive Tackles 15 Markee Anderson South Carolina Gamecocks
60%
Inside Linebackers 8 Michael Harris Maryland Terrapins
60%
Offensive Tackles 4 Monroe Freeling Georgia Bulldogs
60%
Pocket Passer Quarterbacks 4 Nico Iamaleava Tennessee Volunteers
60%
Offensive Tackles 11 Olaus Alinen Alabama Crimson Tide
60%
Inside Linebackers 6 Raul Aguirre Jr. Miami Hurricanes
60%
Outside Linebackers 2 Raylen Wilson Georgia Bulldogs
60%
Athletes 13 Robby Washington Miami Hurricanes
60%
Cornerbacks 12 Robert Stafford Miami Hurricanes
60%
Defensive Ends 7 Rueben Bain Jr. Miami Hurricanes
60%
Running Backs 4 Rueben Owens Texas A&M Aggies
60%
Offensive Guards 1 Samson Okunlola Miami Hurricanes
60%
Wide Receivers 1 Zachariah Branch USC Trojans
60%
Pocket Passer Quarterbacks 13 Aidan Chiles Michigan State Spartans
40%
Safeties 15 Brenden Jordan Texas Tech Red Raiders
40%
Offensive Guards 10 Caleb Lomu Utah Utes
40%
Defensive Ends 9 Chandavian Bradley Hutchinson Blue Dragons
40%
Cornerbacks 15 Christian Gray Notre Dame Fighting Irish
40%
Tight Ends - Y 7 Cooper Flanagan Notre Dame Fighting Irish
40%
Kickers 11 Dylan Joyce Miami Hurricanes
40%
Athletes 10 Jelani McDonald Texas Longhorns
40%
Running Backs 5 Jeremiyah Love Notre Dame Fighting Irish
40%
Safeties 3 Joenel Aguero Georgia Bulldogs
40%
Wide Receivers 3 Johntay Cook II Texas Longhorns
40%
Centers 4 Joshua Bates Oklahoma Sooners
40%
Running Backs 2 Justice Haynes Alabama Crimson Tide
40%
Offensive Tackles 2 Kadyn Proctor Alabama Crimson Tide
40%
Defensive Ends 1 Keon Keeley Alabama Crimson Tide
40%
Centers 6 Leighton Jones Iowa Hawkeyes
40%
Offensive Tackles 13 Lucas Simmons Florida State Seminoles
40%
Athletes 9 Malachi Coleman Nebraska Cornhuskers
40%
Dual-Threat Quarterbacks 9 Malachi Singleton Arkansas Razorbacks
40%
Outside Linebackers 7 Malik Bryant Miami Hurricanes
40%
Athletes 5 Micah Bell Vanderbilt Commodores
40%
Running Backs 1 Richard Young Alabama Crimson Tide
40%
Wide Receivers 12 Shelton Sampson Jr. LSU Tigers
40%
Inside Linebackers 10 S'Maje Burrell Sam Houston Burrell
40%
Outside Linebackers 3 Suntarine Perkins Ole Miss Rebels
40%
Defensive Tackles 6 Sydir Mitchell Texas Longhorns
40%
Safeties 7 Tony Mitchell East Mississippi C.C. Lions
40%
Kickers 7 Tyler White Texas A&M Aggies
40%
Offensive Tackles 10 Wilkin Formby Alabama Crimson Tide
40%
Athletes 12 Aaron Gates Florida Gators
20%
Defensive Ends 2 Adepoju Adebawore Oklahoma Sooners
20%
Wide Receivers 15 Aidan Mizell Florida Gators
20%
Offensive Guards 4 Alex Birchmeier Penn State Nittany Lions
20%
Offensive Guards 8 Amir Herring Kansas Jayhawks
20%
Tight Ends - H 7 Andrew Rappleyea Penn State Nittany Lions
20%
Offensive Guards 14 Antonio Tripp Jr. Miami Hurricanes
20%
Pocket Passer Quarterbacks 14 Austin Mack Alabama Crimson Tide
20%
Pocket Passer Quarterbacks 12 Austin Novosad Oregon Ducks
20%
Defensive Ends 13 Bai Jobe Kansas Jayhawks
20%
Inside Linebackers 13 Ben Kueter Iowa Hawkeyes - Wrestling
20%
Offensive Tackles 9 Bo Hughley Georgia Bulldogs
20%
Wide Receivers 5 Brandon Inniss Ohio State Buckeyes
20%
Athletes 3 Bravion Rogers Texas A&M Aggies
20%
Pocket Passer Quarterbacks 11 Brayden Dorman Arizona Wildcats
20%
Wide Receivers 9 Braylon James TCU Horned Frogs
20%
Tight Ends - Y 11 Brennan Parachek Michigan State Spartans
20%
Tight Ends - Y 5 Brett Norfleet Missouri Tigers
20%
Outside Linebackers 9 Caleb Herring Tennessee Volunteers
20%
Tight Ends - Y 15 Camp Magee Northwestern Wildcats
20%
Dual-Threat Quarterbacks 12 Champ Long Maryland Terrapins
20%
Offensive Tackles 7 Charles Jagusah Notre Dame Fighting Irish
20%
Offensive Tackles 5 Chase Bisontis Texas A&M Aggies
20%
Dual-Threat Quarterbacks 6 Chris Parson Mississippi State Bulldogs
20%
Inside Linebackers 12 Christian Brathwaite Houston Cougars
20%
Pocket Passer Quarterbacks 7 Christopher Vizzina Clemson Tigers
20%
Running Backs 6 Cole Cabana Michigan Wolverines
20%
Offensive Guards 15 Cole Dellinger Michigan State Spartans
20%
Cornerbacks 1 Cormani McClain Florida Gators
20%
Safeties 6 Dalton Brooks Texas A&M Aggies
20%
Running Backs 9 Dante Dowdell Nebraska Cornhuskers
20%
Defensive Ends 5 Da'Shawn Womack LSU Tigers
20%
Cornerbacks 14 Daylen Austin Oregon Ducks
20%
Tight Ends - Y 13 Deakon Tonielli Michigan Wolverines
20%
Outside Linebackers 15 Derion Gullette Texas Longhorns
20%
Defensive Tackles 10 Derrick LeBlanc UCF Knights
20%
Defensive Ends 14 Desmond Umeozulu South Carolina Gamecocks
20%
Defensive Tackles 13 Devan Houstan Notre Dame Fighting Irish
20%
Cornerbacks 2 Dezz Ricks Texas A&M Aggies
20%
Running Backs 15 Djay Braswell South Carolina Gamecocks
20%
Defensive Tackles 2 DJ Hicks Texas A&M Aggies
20%
Outside Linebackers 8 Drayk Bowen Notre Dame Fighting Irish
20%
Defensive Ends 15 Enow Etta Michigan Wolverines
20%
Offensive Guards 5 Harris Sewell Clemson Tigers
20%
Running Backs 12 Hollywood Smothers NC State Wolfpack
20%
Offensive Guards 13 Iapani Laloulu Oregon Ducks
20%
Running Backs 14 Isaiah Augustave Colorado Buffaloes
20%
Tight Ends - Y 6 Jackson Bowers BYU Cougars
20%
Tight Ends - H 4 Jade Greathouse Notre Dame Fighting Irish
20%
Tight Ends - Y 8 Jaden Hamm Kansas Jayhawks
20%
Tight Ends - Y 9 Jaden Platt Texas A&M Aggies
20%
Dual-Threat Quarterbacks 2 Jaden Rashada Georgia Bulldogs
20%
Cornerbacks 6 Jahlil Hurley Alabama Crimson Tide
20%
Outside Linebackers 5 Jaiden Ausberry Notre Dame Fighting Irish
20%
Wide Receivers 8 Jalen Hale Alabama Crimson Tide
20%
Wide Receivers 7 Jaquaize Pettaway Oklahoma Sooners
20%
Cornerbacks 3 Javien Toviano LSU Tigers
20%
Defensive Ends 11 Jayden Wayne Washington Huskies
20%
Tight Ends - Y 1 Jelani Thurman Ohio State Buckeyes
20%
Inside Linebackers 11 Jeremiah Telander Tennessee Volunteers
20%
Cornerbacks 5 Jermaine Mathews Jr. Ohio State Buckeyes
20%
Pocket Passer Quarterbacks 8 JJ Kohl Iowa State Cyclones
20%
Defensive Tackles 15 Joel Starlings North Carolina Tar Heels
20%
Safeties 10 Jordan Castell Florida Gators
20%
Defensive Tackles 4 Jordan Renaud Alabama Crimson Tide
20%
Offensive Guards 9 Joshua Padilla Ohio State Buckeyes
20%
Tight Ends - H 9 Juice Vereen NC State Wolfpack
20%
Wide Receivers 6 Jurrion Dickey Oregon Ducks
20%
Tight Ends - H 10 Ka'Morreun Pimpton LSU Tigers
20%
Wide Receivers 14 Karmello English West Georgia Wolves
20%
Defensive Tackles 5 Kelby Collins Florida Gators
20%
Dual-Threat Quarterbacks 5 Kenny Minchey Notre Dame Fighting Irish
20%
Athletes 8 Kenyon Sadiq Oregon Ducks
20%
Safeties 8 King Mack Alabama Crimson Tide
20%
Offensive Tackles 3 Lance Heard Tennessee Volunteers
20%
Inside Linebackers 14 Leviticus Su'a Arizona Wildcats
20%
Dual-Threat Quarterbacks 13 Lincoln Kienholz Ohio State Buckeyes
20%
Running Backs 13 London Montgomery East Carolina Pirates
20%
Offensive Tackles 6 Luke Montgomery Ohio State Buckeyes
20%
Tight Ends - Y 3 Mac Markway Nebraska Cornhuskers
20%
Offensive Guards 7 Madden Sanker Louisville Cardinals
20%
Cornerbacks 9 Makari Vickers Oklahoma Sooners
20%
Cornerbacks 7 Malik Muhammad Texas Longhorns
20%
Dual-Threat Quarterbacks 11 Marcus Stokes West Florida Argonauts
20%
Defensive Ends 6 Matayo Uiagalelei Oregon Ducks
20%
Tight Ends - Y 10 Mathias Barnwell Free Agent
20%
Tight Ends - Y 12 Matthew Klopfenstein Baylor Bears
20%
Athletes 11 Mikal Harrison-Pilot Texas Tech Red Raiders
20%
Offensive Tackles 12 Miles McVay Alabama Crimson Tide
20%
Wide Receivers 11 Noah Rogers NC State Wolfpack
20%
Tight Ends - H 12 Olsen Patt-Henry Clemson Tigers
20%
Tight Ends - H 5 Pearce Spurlin III Retired
20%
Defensive Tackles 1 Peter Woods Clemson Tigers
20%
Safeties 2 Peyton Bowen Oklahoma Sooners
20%
Pocket Passer Quarterbacks 15 Pierce Clarkson Louisville Cardinals
20%
Tight Ends - H 11 Preston Zinter Notre Dame Fighting Irish
20%
Outside Linebackers 1 Qua Russaw Alabama Crimson Tide
20%
Pocket Passer Quarterbacks 10 Rickie Collins LSU Tigers
20%
Offensive Guards 6 Roderick Kearney Florida Gators
20%
Cornerbacks 11 Rodrick Pleasant Oregon Ducks
20%
Athletes 4 Ryan Niblett Texas Longhorns
20%
Safeties 11 Ryan Yaites California Golden Bears
20%
Defensive Ends 3 Samuel M'Pemba Georgia Bulldogs
20%
Outside Linebackers 11 Samuel Omosigho Oklahoma Sooners
20%
Inside Linebackers 9 Semaj Bridgeman Michigan State Spartans
20%
Tight Ends - H 6 Shamar Easter Arkansas Razorbacks
20%
Offensive Guards 12 Simione Pale Stanford Cardinal
20%
Tight Ends - Y 14 Spencer Shannon Texas Longhorns
20%
Offensive Tackles 8 Stanton Ramil Michigan State Spartans
20%
Inside Linebackers 4 Tackett Curtis Wisconsin Badgers
20%
Pocket Passer Quarterbacks 9 Tad Hudson Coastal Carolina Chanticleers
20%
Outside Linebackers 10 Tausili Akana Texas Longhorns
20%
Outside Linebackers 6 T.J. Capers Louisville Cardinals
20%
Defensive Ends 10 T.J. Parker Clemson Tigers
20%
Offensive Tackles 14 TJ Shanahan Texas A&M Aggies
20%
Outside Linebackers 14 Tony Rojas Penn State Nittany Lions
20%
Offensive Guards 11 Tosin Babalade South Carolina Gamecocks
20%
Running Backs 10 Trey Holly LSU Tigers
20%
Outside Linebackers 4 Troy Bowles Georgia Bulldogs
20%
Tight Ends - Y 4 Ty Lockwood Alabama Crimson Tide
20%
Athletes 14 Vicari Swain South Carolina Gamecocks
20%
Defensive Tackles 7 Vic Burley Clemson Tigers
20%
Safeties 13 Vincent Holmes Washington Huskies
20%
Tight Ends - Y 2 Walker Lyons USC Trojans
20%
Defensive Tackles 11 Xzavier McLeod Georgia Bulldogs
20%
Defensive Ends 8 Yhonzae Pierre Alabama Crimson Tide
20%
Centers 10 Aaron Fenimore Liberty Flames
0%
Kickers 14 Adam Samaha Michigan Wolverines
0%
Kickers 5 Aidan Flintoft Stanford Cardinal
0%
Kickers 2 Blake Craig Missouri Tigers
0%
Kickers 13 Conor Talty Alabama Crimson Tide
0%
Centers 14 Cooper Fordham Louisiana Ragin' Cajuns
0%
Kickers 9 David Olano Illinois Fighting Illini
0%
Centers 5 Evan Tengesdahl Cincinnati Bearcats
0%
Centers 9 Gabe Fortson Tulane Green Wave
0%
Kickers 10 Gabe Russo Auburn Tigers
0%
Kickers 15 Gianni Spetic Ohio Bobcats
0%
Kickers 3 Grant Reddick UCF Knights
0%
Kickers 12 Hudson Kaak Oklahoma State Cowboys
0%
Centers 13 Jaheim Buchanon Florida International Panthers
0%
Centers 2 Landen Hatchett Washington Huskies
0%
Kickers 4 Nicolas Radicic Indiana Hoosiers
0%
Centers 12 Patrick Screws Jr. Georgia Tech Yellow Jackets
0%
Kickers 1 Peyton Woodring Georgia Bulldogs
0%
Centers 7 Ryan Blum Central Michigan Chippewas
0%
Centers 15 Sirri Kandiyeli Arizona State Sun Devils
0%
Centers 11 TJ McMillen Illinois Fighting Illini
0%
Kickers 6 Tristan Alvano Nebraska Cornhuskers
0%
Centers 8 Will Larkins Georgia State Panthers
0%
No matching quizzes found
Score Distribution
Percent of People with Each Score
Percentile by Number Answered
Your Score History
You have not taken this quiz